| 000 | 00621nam a22002057a 4500 | ||
|---|---|---|---|
| 999 |
_c18320 _d18320 |
||
| 003 | AR-CdUCM | ||
| 008 | 190513b ||||| |||| 00| 0 spa d | ||
| 040 |
_aMUNICIPALIDAD PROVINCIAL DEL CUSCO _cBIBLIOTECA MUNICIPAL DEL CUSCO |
||
| 082 |
_a869.56 / _bB819 |
||
| 100 |
_aBravo, José Antonio _9753 |
||
| 245 | _aUn hotel para el otoño / | ||
| 260 |
_aLima : _bEl indiano, _c1977. |
||
| 300 |
_a152 páginas ; _c20 cm. |
||
| 505 | _aContenido: Novelas peruanas. | ||
| 650 |
_aNovelas peruanas _9545 |
||
| 650 |
_aLiteratura peruana _9169 |
||
| 650 |
_aSiglo XX _98 |
||
| 942 |
_2ddc _cLIBROS |
||
| 945 |
_adavv _d2019-05-13 |
||